[Contemporary Nationalism in East Central Europe]
| Titel: | [Contemporary Nationalism in East Central Europe] / Anita Inder Singh |
|---|---|
| Verfasser: | |
| In: |
Nations and nationalism, Band 2, Heft 1 (1996), Seite 146 alle Artikel anzeigen |
| Veröffentlicht: | 1996 |
| Format: | Aufsatz |
| Sprache: | Englisch |
X
alg: 51970341
001A $03025:10-07-24
001B $03025:10-07-24 $t09:11:42.000
001D $03025:10-07-24
001U $0utf8
001X $00
002@ $0Oou
002C $aText $btxt $2rdacontent
002D $aComputermedien $bc $2rdamedia
002E $aOnline-Ressource $bcr $2rdacarrier
003@ $0519703413
009Q $uhttps://doi.org/10.1111/j.1354-5078.1996.00131.x $xVolltext
010@ $aeng
010E $erda
011@ $a1996
013D $#Newspapers Sections, columns, etc. Reviews $#Book reviewing $#Journaux Cahiers, chroniques, etc. Comptes rendus $#Livres Recension $#Rezension $#Buchbesprechung $#Buchrezension $#Buchkritik $74049712-4 $8Rezension [Ts1] $9085138568
021A $a[Contemporary Nationalism in East Central Europe] $hAnita Inder Singh
028A $aInder Singh $dAnita
031A $d2 $e1 $h146 $j1996
039B $aEnthalten in $8--Obvc--. Nations and nationalism. - Oxford : Wiley-Blackwell, 1995-. - Online-Ressource. - ISSN 1469-8129. - DOI 10.1111/(ISSN)1469-8129 $x199600000020001854 $9084522844
039T $aRezension von $8--Aauc--. @Contemporary nationalism in East Central Europe. - Basingstoke {[u.a.] : Macmillan {[u.a.], 1995. - XIII, 200 S.. - ISBN 0-333-60689-2 $9034621261
lok: 51970341 78
exp: 51970341 78 1 #EPN
201B/01 $010-07-24 $t09:11:42.000
201C/01 $010-07-24
201U/01 $0utf8
203@/01 $0126662869X
208@/01 $a10-07-24 $be
209A/01 $a/ $f000 $x00
209A/01 $ab*p $x01
220C/01 $apgar
244Z/01 $#Ostmitteleuropa $#Ostmitteleuropa $#Mitteleuropa, Ost $#Central Europe Ostmitteleuropa $#Mittelosteuropa $74075753-5 $8--Tg1--Ostmitteleuropa $x05 $9085214485
247C/01 $82080>Marburg/Lahn, Herder-Institut, Forschungsbibliothek, Bibliographieportal $9336309341
| LEADER | 00000caa a2200000 c 4500 | ||
|---|---|---|---|
| 001 | 519703413 | ||
| 003 | DE-603 | ||
| 005 | 20240710091142.0 | ||
| 007 | cr|||||||||||| | ||
| 008 | 240710s1996 xx |||| o| u00||u|eng c | ||
| 035 | |a (DE-599)HEB519703413 | ||
| 040 | |a DE-603 |b ger |c DE-603 |d DE-603 |e rda | ||
| 041 | |a eng | ||
| 100 | 1 | |a Inder Singh, Anita | |
| 245 | 0 | 0 | |a [Contemporary Nationalism in East Central Europe] |c Anita Inder Singh |
| 264 | 0 | |c 1996 | |
| 336 | |a Text |b txt |2 rdacontent | ||
| 337 | |a Computermedien |b c |2 rdamedia | ||
| 338 | |a Online-Ressource |b cr |2 rdacarrier | ||
| 655 | 7 | |a Rezension |2 gnd-content |0 (DE-588)4049712-4 |0 (DE-603)085138568 | |
| 773 | 0 | 8 | |i Enthalten in |t Nations and nationalism |d Oxford : Wiley-Blackwell, 1995- |h Online-Ressource |o 10.1111/(ISSN)1469-8129 |x 1469-8129 |g Band 2, Heft 1 (1996), Seite 146 |w (DE-603)084522844 |w (DE-600)1500007-2 |
| 787 | 0 | 8 | |i Rezension von |t Contemporary nationalism in East Central Europe |d Basingstoke [u.a.] : Macmillan [u.a.], 1995 |h XIII, 200 S. |z 0333606892 |z 0312122764 |w (DE-603)034621261 |
| 856 | |u https://doi.org/10.1111/j.1354-5078.1996.00131.x | ||
| 924 | 1 | |9 2080 |a (DE-603)126662869X |b DE-2080 |c HES |d d |g / | |


